La ciencia baja a terreno: doce proyectos exitosos de investigación aplicada al desarrollo tecnológico
Saved in:
| Hovedforfatter: | |
|---|---|
| Format: | Bog |
| Sprog: | spansk |
| Udgivet: |
Santiago
Andes
1994
|
| Fag: | |
| Tags: |
Tilføj Tag
Ingen Tags, Vær først til at tagge denne postø!
|
MARC
| LEADER | 00000nam a2200000 a 4500 | ||
|---|---|---|---|
| 001 | UCM4005 | ||
| 003 | CL-VaPUC | ||
| 008 | 020726e19940000CL |||||||||||||||||spa|d | ||
| 082 | 0 | 4 | |a 338.983 |b VIA |2 21 |
| 100 | 0 | |a Vial Correa, Elena |e author |9 490666 | |
| 245 | 1 | 3 | |a La ciencia baja a terreno: doce proyectos exitosos de investigación aplicada al desarrollo tecnológico |
| 300 | |a 134 p | ||
| 942 | |c BK | ||
| 945 | |d 20020726 00:00:00 |a vberengu | ||
| 260 | |a Santiago |b Andes |c 1994 | ||
| 650 | 0 | |a Proyectos de desarrollo |9 261582 | |
| 650 | 0 | |a Ciencia y tecnología |9 260585 | |
| 651 | 7 | |a CHILE |2 CL-VaPUC |9 490667 | |
| 583 | |a last modification |c 20020726 00:00:00 |k Rodrigo Vera | ||
| 999 | |c 312171 |d 312169 | ||
| 952 | |0 0 |1 0 |4 0 |6 338_983000000000000_VIA_1994 |7 0 |8 A |9 382072 |a BIBCUR |b BIBCUR |d 2019-11-21 |i 3832260 |o 338.983 VIA 1994 |p 3832260 |r 2025-04-22 |w 2019-11-21 |y BK |k BCB | ||